000 003860000a22001090004500
090 _aAS
_bSeriadas
245 1 0 _aNueva especie y notas al género Quararibea (<Bombacaceae>)
041 0 _aEspañol
100 1 _aFernández Alonso, José Luis
_94621
942 _cARTICULO
773 1 _tRevista de la Academia Colombiana de Ciencias Exactas, Fisicas y Naturales
_332
_hSupl. Esp.
_q49-52
_d1999
_g23
999 _c14123
_d14123